MARC

LEADER 00000nam0a2200000 4500
001 230225
005 20231101231006.0
035 |a (RuTPU)RU\TPU\book\250981 
035 |a RU\TPU\book\250916 
090 |a 230225 
100 |a 20130118d1951 k y0rusy50 ca 
101 0 |a rus 
102 |a RU 
105 |a af z 001zy 
200 1 |a Почвы Монгольской Народной Республики  |f Н. Д. Беспалов  |g Академия наук СССР (АН СССР), Комитет наук Монгольской народной республики 
210 |a Москва  |c Изд-во АН СССР  |d 1951 
215 |a 318 с.  |c ил. 
225 1 |a Труды Монгольской комиссии  |v Вып. 41 
317 |5 63413507: КР-159  |a Поступила в НТБ в составе книжного собрания профессора ТПИ К. В. Радугина 4.11.2004 г. 
320 |a Библиогр.: с. 311-318. 
606 1 |a Почвоведение  |2 stltpush  |3 (RuTPU)RU\TPU\subj\71851  |9 85566 
610 1 |a Монгольская Народная Республика 
610 1 |a физико-географические условия 
610 1 |a почва 
610 1 |a зональность 
610 1 |a земледелие 
610 1 |a пахотные земли 
610 1 |a владельческая надпись 
610 1 |a библиотека К. В. Радугина 
675 |a 631.4  |v 3 
700 1 |a Беспалов  |b Н. Д. 
712 0 2 |a Академия наук СССР (АН СССР)  |b Комитет наук Монгольской Народной Республики  |2 stltpush  |3 (RuTPU)RU\TPU\col\722 
801 1 |a RU  |b 63413507  |c 20130118 
801 2 |a RU  |b 63413507  |c 20150211  |g RCR 
942 |c BK